[Event "Bialystok Zamenhof Memorial-C 35th"]
[Site "Bialystok"]
[Date "2017.12.31"]
[Round "9.27"]
[White "Plichta, Krzysztof"]
[Black "Kojlo, Szymon"]
[Result "1/2-1/2"]
[WhiteElo "1556"]
[BlackElo "1472"]
[PlyCount "68"]
[EventDate "2017.12.27"]
[EventType "swiss"]
[EventRounds "9"]
[EventCountry "POL"]
[SourceTitle "EXT 2023"]
[Source "ChessBase"]
[SourceDate "2022.10.05"]
[SourceVersion "1"]
[SourceVersionDate "2022.10.05"]
[SourceQuality "1"]

1. e4 c5 2. Nc3 a6 3. f4 g6 4. Nf3 Bg7 5. g3 Nc6 6. Bg2 d6 7. 0-0 e6 8. d3 Bd7 9. h3 Qc7 10. g4 0-0-0 11. Rb1 h5 12. Bd2 hxg4 13. hxg4 Nd4 14. Be3 Nxf3+ 15. Qxf3 Ne7 16. Rfd1 f5 17. g5 Bc6 18. Qf2 Kb8 19. Ne2 e5 20. b4 exf4 21. Nxf4 Qd7 22. bxc5 d5 23. exd5 Bxd5 24. Bxd5 Nxd5 25. Nxd5 Qxd5 26. Qg2 Bd4 27. Bxd4 Qxd4+ 28. Kf1 Qf4+ 29. Kg1 Qe3+ 30. Kf1 Qf4+ 31. Kg1 Qe3+ 32. Kf1 Qf4+ 33. Kg1 Qe3+ 34. Kf1 Qf4+ 1/2-1/2

[Event "Bialystok Zamenhof Memorial-C 35th"]
[Site "Bialystok"]
[Date "2017.12.30"]
[Round "8.19"]
[White "Kojlo, Szymon"]
[Black "Kozlowski, Piotr"]
[Result "0-1"]
[WhiteElo "1472"]
[BlackElo "1715"]
[PlyCount "82"]
[EventDate "2017.12.27"]
[EventType "swiss"]
[EventRounds "9"]
[EventCountry "POL"]
[SourceTitle "EXT 2023"]
[Source "ChessBase"]
[SourceDate "2022.10.05"]
[SourceVersion "1"]
[SourceVersionDate "2022.10.05"]
[SourceQuality "1"]

1. e4 e5 2. Nf3 Nf6 3. Nxe5 d6 4. Nf3 Nxe4 5. Nc3 Nxc3 6. dxc3 Be6 7. Bf4 Be7 8. Nd4 Qd7 9. Qd2 Nc6 10. Bb5 0-0 11. Bxc6 bxc6 12. 0-0 Bd5 13. b3 Bf6 14. Rad1 c5 15. Ne2 Bc6 16. Ng3 Qg4 17. b4 c4 18. f3 Qd7 19. Bg5 Qd8 20. Bxf6 Qxf6 21. Ne2 Rfe8 22. Nd4 Bd7 23. Rfe1 h6 24. Qf2 a6 25. Qf1 Rxe1 26. Rxe1 c5 27. bxc5 dxc5 28. Ne2 Re8 29. Qf2 Qe5 30. f4 Qf5 31. Ng3 Rxe1+ 32. Qxe1 Qxf4 33. Qf2 Qe5 34. Qf3 Qe1+ 35. Nf1 Be6 36. Qe3 Qb1 37. a3 Qxc2 38. Qd2 Qd3 39. Qb2 Kh7 40. Nd2 Qe3+ 41. Kf1 Bf5 0-1

[Event "Bialystok Zamenhof Memorial-C 35th"]
[Site "Bialystok"]
[Date "2017.12.29"]
[Round "6.31"]
[White "Kojlo, Szymon"]
[Black "Strepikowski, Pawel"]
[Result "1/2-1/2"]
[WhiteElo "1472"]
[BlackElo "1457"]
[PlyCount "63"]
[EventDate "2017.12.27"]
[EventType "swiss"]
[EventRounds "9"]
[EventCountry "POL"]
[SourceTitle "EXT 2023"]
[Source "ChessBase"]
[SourceDate "2022.10.05"]
[SourceVersion "1"]
[SourceVersionDate "2022.10.05"]
[SourceQuality "1"]

1. e4 c5 2. Nf3 d6 3. d4 cxd4 4. Nxd4 Nf6 5. Nc3 a6 6. Be2 e5 7. Nb3 Be6 8. f4 Qc7 9. f5 Bc4 10. Bxc4 Qxc4 11. Qd3 Qxd3 12. cxd3 Nc6 13. Bg5 Be7 14. Bxf6 Bxf6 15. Nd5 Bd8 16. f6 g6 17. 0-0-0 Nb8 18. g4 Nd7 19. g5 Nb6 20. Nc3 Rc8 21. Kb1 Kd7 22. Nd2 Ke6 23. Rhe1 h6 24. h4 hxg5 25. hxg5 Rh3 26. Nb3 d5 27. d4 exd4 28. exd5+ Kf5 29. Rxd4 Kxg5 30. Ne4+ Kh6 31. Rdd1 Rh5 32. Rh1 1/2-1/2

[Event "Bialystok Zamenhof Memorial-C 35th"]
[Site "Bialystok"]
[Date "2017.12.28"]
[Round "3.27"]
[White "Choinska, Debora"]
[Black "Kojlo, Szymon"]
[Result "0-1"]
[WhiteElo "1650"]
[BlackElo "1472"]
[PlyCount "90"]
[EventDate "2017.12.27"]
[EventType "swiss"]
[EventRounds "9"]
[EventCountry "POL"]
[SourceTitle "EXT 2023"]
[Source "ChessBase"]
[SourceDate "2022.10.05"]
[SourceVersion "1"]
[SourceVersionDate "2022.10.05"]
[SourceQuality "1"]

1. e4 c5 2. Nf3 d6 3. d4 cxd4 4. Nxd4 Nf6 5. Nc3 g6 6. Be2 Bg7 7. Be3 0-0 8. 0-0 Nc6 9. Nb3 Be6 10. f4 Rc8 11. Bf3 Nd7 12. Qd2 a6 13. Nd4 Na5 14. Be2 Bc4 15. Bd3 b5 16. a3 Bxd3 17. Qxd3 Nc4 18. Nd1 Nc5 19. Qe2 Nxe4 20. c3 Nf6 21. Kh1 Nd5 22. Bg1 e5 23. fxe5 dxe5 24. Nb3 Nf4 25. Qc2 Qd3 26. Qxd3 Nxd3 27. Rb1 a5 28. Be3 a4 29. Nc1 Rfd8 30. Bg5 f6 31. Be3 Rd7 32. Kg1 Rcd8 33. h3 Bf8 34. Nxd3 Rxd3 35. Re1 Nxe3 36. Nxe3 Bc5 37. Kf2 f5 38. g3 f4 39. gxf4 exf4 40. Re2 Rxe3 41. Rxe3 fxe3+ 42. Kf1 Rd2 43. h4 Rh2 44. h5 Rh1+ 45. Ke2 Rxb1 0-1

[Event "Bialystok Zamenhof Memorial-C 35th"]
[Site "Bialystok"]
[Date "2017.12.27"]
[Round "2.26"]
[White "Kojlo, Szymon"]
[Black "Bancarewicz, Aleks"]
[Result "0-1"]
[WhiteElo "1472"]
[BlackElo "1691"]
[PlyCount "86"]
[EventDate "2017.12.27"]
[EventType "swiss"]
[EventRounds "9"]
[EventCountry "POL"]
[SourceTitle "EXT 2023"]
[Source "ChessBase"]
[SourceDate "2022.10.05"]
[SourceVersion "1"]
[SourceVersionDate "2022.10.05"]
[SourceQuality "1"]

1. e4 e6 2. d4 d5 3. Nc3 Nf6 4. e5 Nfd7 5. Nce2 c5 6. c3 Nc6 7. a3 c4 8. f4 Na5 9. Nf3 Nb6 10. Ng3 Bd7 11. Be3 Na4 12. Rb1 Bxa3 13. bxa3 Nxc3 14. Qc2 Nxb1 15. Qxb1 Nb3 16. f5 Qa5+ 17. Kf2 Qxa3 18. Nh5 0-0-0 19. Nxg7 h6 20. Be2 a5 21. fxe6 fxe6 22. Qg6 Qe7 23. Nh5 a4 24. Bd1 a3 25. Bxb3 cxb3 26. Qd3 Qb4 27. Rc1+ Kb8 28. Rc3 a2 29. Rxb3 Qxb3 30. Qxb3 a1Q 31. Nf6 Qa4 32. Nxd7+ Qxd7 33. Bc1 Rc8 34. Ba3 Qc6 35. Bc5 b6 36. Bxb6 Qc2+ 37. Qxc2 Rxc2+ 38. Kg1 Rg8 39. Nh4 Rg4 40. g3 Re4 41. Kf1 Rxh2 42. Nf3 Rb2 43. Bc5 Re3 0-1

[Event "Bialystok Zamenhof Memorial-C 35th"]
[Site "Bialystok"]
[Date "2017.12.27"]
[Round "1.23"]
[White "Paziak, Patryk"]
[Black "Kojlo, Szymon"]
[Result "1/2-1/2"]
[WhiteElo "1802"]
[BlackElo "1472"]
[PlyCount "55"]
[EventDate "2017.12.27"]
[EventType "swiss"]
[EventRounds "9"]
[EventCountry "POL"]
[SourceTitle "EXT 2023"]
[Source "ChessBase"]
[SourceDate "2022.10.05"]
[SourceVersion "1"]
[SourceVersionDate "2022.10.05"]
[SourceQuality "1"]

1. e4 c5 2. Nf3 d6 3. Bb5+ Bd7 4. Bxd7+ Qxd7 5. 0-0 Nf6 6. Re1 Nc6 7. d4 cxd4 8. Nxd4 e6 9. c4 Be7 10. Nc3 0-0 11. Be3 Rac8 12. Rc1 Nxd4 13. Qxd4 Ng4 14. Qxa7 Nxe3 15. Qxe3 Rxc4 16. Qd3 Rfc8 17. Rcd1 b5 18. Qh3 Qc6 19. a3 Bf6 20. Qd3 Bxc3 21. bxc3 Rxc3 22. Qxd6 Qxd6 23. Rxd6 Rxa3 24. Rb6 Rb3 25. g3 h6 26. Rb7 Rb2 27. Rd1 Re2 28. Rdd7 1/2-1/2